00730naa a22001331i 45000010005000000030009000050050017000140080041000310400029000721000162001012450091002636550030003547730212003849607KOSZ 00520180404144408.0180404s2006 us ||||f |||| 10| 0 eng|d cKOSZ 005/HRaKOSZ 005/HR aKATZER, Jacek.d1999 - 2012.bPolitechnika Koszalińska - Wydział Budownictwa i Inżynierii Środowiska,cKatedra Budownictwa i Materiałów Budowlanych10aDynamic properties of SFRM beams modified by varied superplasticizers /cJacek Katzer. 0aMateriały konferencyjne.0 iW :t8th CANMET/ACI International Conference on Superplasticizers and other Chemical Admixtures in Concrete, Sorrento, Italy. -dFarmington Hills, Mich. : ACI International, 2006. -gs. 21-35.z9780870312168